=LDR 00000nam 2200000 4500 =001 INLIS000000000003165 =005 20250220015554 =035 ##$$a 0010-0225000455 =007 ta =008 250220###########################0#ind## =020 ##$$a 978-602-316-127-0 =082 ##$$a 304.66 =084 ##$$a 304.66 NA b =100 #$$a Nadiroh =245 1#$$a Buku Non Teks : $b PENDIDIKAN KEPENDUDUKAN INTEGRASI DENGAN BERBAGAI MATA KULIAH DI PERGURUAN TINGGI /$c Prof. Dr. Nadiroh, M.Pd:Dr. Uswatun Hasanah, M. Si =250 ##$$a - =260 ##$$a Jakarta :$b BKKBN,$c 2018 =300 ##$$a 189 halaman : $b ilustrasi ; $c 21 cm$e - =650 #4$$a Program KB =700 #$$a Uswatun Hasanah